Villes de Seine et Marne - Mort subite - Statistiques

Statistiques générales
  • Ce quiz a été pris 476 fois
  • Le résultat moyen est 7 sur 19
Answers on the Grid
Answers color-coded by a green-red scale on the quiz's grid according to % correct below.
Fontainebleau
Avon
Morsang-sur-Seine
Vernon
Chessy
Chelles
Meaux
Mennecy
Quincy-Sous-Sénart
Nangis
Nemours
Montargis
Tremblay en France
Louviers
Bessières
Nandy
Brunoy
Melun
Provins
Vaires sur Marne
Torcy
Tournai
Avion
Tigeaux
Esbly
Savigny-Le-Temple
Savigny sur Orge
Noisy le Grand
La Queue en Brie
Milly la fôret
Saint-Pierre-du-Perray
Tigery
Seine-Port
Cesson
Le Mée Sur Seine
Pringy
 
Statistiques - réponses
Réponse % Correct
Fontainebleau
59%
Meaux
58%
Chelles
56%
Melun
56%
Torcy
53%
Provins
50%
Chessy
45%
Nemours
40%
Savigny-Le-Temple
37%
Avon
36%
Le Mée Sur Seine
36%
Nangis
36%
Cesson
34%
Esbly
33%
Vaires sur Marne
33%
Nandy
22%
Pringy
21%
Seine-Port
21%
Tigeaux
9%
Aucun quiz correspondant
Distribution des résultats
% des personnes avec chaque résultat
Percentile par nombre de réponses
Votre historique - résultats
Vous n’avez pas pris ce quiz